000 00639nam a2200205 a 4500
001 BRCA_2848
005 20190320204010.0
008 101208s1809----mx-#---###---#000-0#spa-u
050 4 _aF1231.5
_b.L67 1809
100 1 _aLópez, Simón
_97963
245 1 0 _aDespertador Christiano Político
_cpor Simón López.
260 _aMéxico
_bMariano de Zuñiga y Ontiveros
_c1809
300 _a166 p.
_c23 cm.
500 _aIncluye 30 cartas.
500 _aB3
651 4 _aEspaña
_xHistoria
_yConquista Napoleónica, 1808-1813
_97964
651 4 _aMéxico
_xHistoria
_yGuerra de Independencia, 1810-1821
_97965
902 _aGFM
942 _2lcc
_cB
999 _c2587
_d2587